Richest Subdivisions by GDP - Statistics

General Stats
  • This quiz has been taken 36 times
  • The average score is 18 of 24
Answer Stats
GDP Country Subdivision % Correct
$4.103T United States California
100%
$1.706T United States Florida
100%
$2.297T United States New York
100%
$2.709T United States Texas
100%
$1.137T United States Illinois
94%
$1.027T Japan Tokyo
94%
$803B Canada Ontario
91%
$1.024T United States Pennsylvania
91%
$848B Germany Bavaria
88%
$928B United States Ohio
88%
$855B United States Washington
88%
$883B United Statss Georgia
85%
$1.989T China Guangdong
73%
$839B United States North Carolina
73%
$824B France Île-de-France
70%
$847B United States New Jersey
64%
$843B China Hubei
61%
$906B Germany North Rhine-Westphalia
58%
$811B China Fujian
48%
$1.924T China Jiangsu
48%
$1.384T China Shandong
48%
$908B China Sichuan
45%
$893B China Henan
39%
$1.266T China Zhejiang
33%
No matching quizzes found
Score Distribution
Percent of People with Each Score
Percentile by Number Answered
Your Score History
You have not taken this quiz